000 00545nam a2200121Ia 4500
008 171212s9999 xx 000 0 und d
020 _a9780833088147
100 _aCurry Hall, Kimberly;Harrell, Margaret C.;Bicksler, Barbara;Stewart, Robert;Fisher, Michael P.
245 _cCurry Hall, Kimberly;Harrell, Margaret C.;Bicksler, Barbara;Stewart, Robert;Fisher, Michael P.
_aVeteran Employment
_bLessons from the 100,000 Jobs Mission
260 _bRAND Corporation
_c2014
650 _aHistory
856 _uhttp://jstor.org/stable/10.7249/j.ctt14bs4jf
999 _c352800
_d352800